A do-it-yourself solution (Record no. 72582)
[ view plain ]
| 000 -LEADER | |
|---|---|
| fixed length control field | 01617cam a2200277 4500 |
| 001 - CONTROL NUMBER | |
| control field | ABS66614 |
| 008 - FIXED-LENGTH DATA ELEMENTS--GENERAL INFORMATION | |
| fixed length control field | 030430n2003 000 0 eng u |
| 035 ## - SYSTEM CONTROL NUMBER | |
| System control number | (Sirsi) u122136 |
| 100 ## - MAIN ENTRY--PERSONAL NAME | |
| Personal name | Shepherd, N. |
| 245 #2 - TITLE STATEMENT | |
| Title | A do-it-yourself solution |
| 260 ## - PUBLICATION, DISTRIBUTION, ETC. | |
| Date of publication, distribution, etc. | 2003 |
| 490 ## - SERIES STATEMENT | |
| Series statement | Estates Gazette |
| Volume/sequential designation | (0310) 8 March 2003, 159(1) |
| 520 ## - SUMMARY, ETC. | |
| Summary, etc. | Discusses the case "Allied Dunbar Assurance plc v Homebase Ltd ([2002] EWCA Civ 666, Abs65740) in which the CA ruling has made it harder for tenants to sublet commercial premises below the full market rental value. Considers the implications of the decision, as some freeholders will ignore "Homebase" and permit a side agreement rather than have the risk of an empty property. To avoid the need for a side agreement, the solution is suggested that a subtenant returns the reverse premium to be held as a rent deposit. The tenant's cashflow would improve with each quarter as the subtenant paid rent at the full rate. At the end of the term, the reverse premium would be recouped by the tenant and the rent deposit would be returned. Concludes that the suggested solution will allow tenants to dispose of premises that could not otherwise be sublet. |
| 590 ## - LOCAL NOTE (RLIN) | |
| Local note | ABS |
| 650 ## - SUBJECT ADDED ENTRY--TOPICAL TERM | |
| Topical term or geographic name entry element | HOMEBASE LTD AND ANOTHER V ALLIED DUNBAR ASSURANCE PLC |
| 650 ## - SUBJECT ADDED ENTRY--TOPICAL TERM | |
| Topical term or geographic name entry element | SUBLETTING |
| 650 ## - SUBJECT ADDED ENTRY--TOPICAL TERM | |
| Topical term or geographic name entry element | SUBLEASES |
| 650 ## - SUBJECT ADDED ENTRY--TOPICAL TERM | |
| Topical term or geographic name entry element | PROPERTY-COMMERCIAL PROPERTY |
| 650 ## - SUBJECT ADDED ENTRY--TOPICAL TERM | |
| Topical term or geographic name entry element | SIDE AGREEMENTS |
| 650 ## - SUBJECT ADDED ENTRY--TOPICAL TERM | |
| Topical term or geographic name entry element | COMMERCIAL TENANTS |
| 650 ## - SUBJECT ADDED ENTRY--TOPICAL TERM | |
| Topical term or geographic name entry element | LANDLORD AND TENANT ACT 1954 |
| 650 ## - SUBJECT ADDED ENTRY--TOPICAL TERM | |
| Topical term or geographic name entry element | VALUE ADDED TAX |
| 650 ## - SUBJECT ADDED ENTRY--TOPICAL TERM | |
| Topical term or geographic name entry element | RENTAL INCOME |
| 690 ## - LOCAL SUBJECT ADDED ENTRY--TOPICAL TERM (OCLC, RLIN) | |
| Topical term or geographic name as entry element | LANDLORD AND TENANT-BUSINESS TENANCIES |
| 942 ## - ADDED ENTRY ELEMENTS (KOHA) | |
| Suppress in OPAC | 0 |
| Withdrawn status | Lost status | Source of classification or shelving scheme | Damaged status | Not for loan | Home library | Current library | Shelving location | Date acquired | Total Checkouts | Full call number | Barcode | Date last seen | Copy number | Price effective from | Koha item type |
|---|---|---|---|---|---|---|---|---|---|---|---|---|---|---|---|
| Dewey Decimal Classification | London | London | Journal article | 30/04/2003 | ABS66614 | 122136-1001 | 06/08/2019 | 1 | 06/08/2019 | Journal article |